[Event "Mid Bohemia Region-chT 2223"]
[Site "Czech Republic"]
[Date "2023.03.19"]
[Round "10.2"]
[White "Tesar, Patrik"]
[Black "Hrdina, Robin"]
[Result "0-1"]
[WhiteElo "2057"]
[BlackElo "2148"]
[PlyCount "86"]
[EventDate "2022.10.09"]
[EventType "team-tourn"]
[EventRounds "11"]
[EventCountry "CZE"]
[SourceTitle "EXT 2024"]
[Source "ChessBase"]
[SourceDate "2023.10.10"]
[SourceVersion "1"]
[SourceVersionDate "2023.10.10"]
[SourceQuality "1"]
[WhiteTeam "Nymburk Sokol"]
[BlackTeam "Vlasim II"]
[WhiteTeamCountry "CZE"]
[BlackTeamCountry "CZE"]

1. d4 Nf6 2. Nf3 e6 3. Bg5 d5 4. e3 Be7 5. c4 Nbd7 6. Nc3 h6 7. Bh4 0-0 8. Bd3 c6 9. h3 dxc4 10. Bxc4 b5 11. Bb3 a6 12. g4 Nd5 13. Bxe7 Qxe7 14. Nxd5 cxd5 15. h4 Bb7 16. g5 h5 17. Nd2 g6 18. f4 Nb6 19. Nf3 Nc4 20. Qe2 Rac8 21. 0-0 a5 22. Bxc4 dxc4 23. e4 Qd6 24. Qe3 b4 25. Rac1 c3 26. bxc3 Rxc3 27. Rxc3 bxc3 28. Ne5 Rc8 29. Rc1 c2 30. Qd3 Qb4 31. d5 Rc3 32. Qe2 exd5 33. Nd7 dxe4 34. Nf6+ Kg7 35. Kh2 Qa3 36. Qf1 Rh3+ 37. Qxh3 Qxc1 38. Nxh5+ gxh5 39. Qc3+ Kg8 40. Qe5 Qd2+ 41. Kg3 Qe3+ 42. Kg2 Qf3+ 43. Kh2 Qf2+ 0-1

[Event "Mid Bohemia Region-chT 2223"]
[Site "Czech Republic"]
[Date "2023.01.29"]
[Round "7.3"]
[White "Tesar, Patrik"]
[Black "Malac, Petr"]
[Result "1/2-1/2"]
[WhiteElo "2057"]
[BlackElo "1991"]
[PlyCount "59"]
[EventDate "2022.10.09"]
[EventType "team-tourn"]
[EventRounds "11"]
[EventCountry "CZE"]
[SourceTitle "EXT 2024"]
[Source "ChessBase"]
[SourceDate "2023.10.10"]
[SourceVersion "1"]
[SourceVersionDate "2023.10.10"]
[SourceQuality "1"]
[WhiteTeam "Nymburk Sokol"]
[BlackTeam "Bakov nad Jizerou II"]
[WhiteTeamCountry "CZE"]
[BlackTeamCountry "CZE"]

1. d4 Nf6 2. Nf3 e6 3. Bg5 d5 4. e3 c5 5. c3 Nbd7 6. Nbd2 Qb6 7. Qc2 Bd6 8. Bd3 h6 9. Bh4 0-0 10. 0-0 Qc7 11. Bg3 Bxg3 12. hxg3 b6 13. Rfe1 Bb7 14. a4 a5 15. Bb5 Bc6 16. Bxc6 Qxc6 17. e4 dxe4 18. Nxe4 Rfd8 19. Ne5 Qd5 20. c4 Qb7 21. Nd6 Qc7 22. Nexf7 Nf8 23. dxc5 bxc5 24. Rad1 Rd7 25. Nb5 Rxd1 26. Nxh6+ gxh6 27. Qxd1 Qe7 28. Qd2 Kg7 29. b3 Qd7 30. Qc3 1/2-1/2

[Event "Mid Bohemia Region-chT 2223"]
[Site "Czech Republic"]
[Date "2023.01.15"]
[Round "6.2"]
[White "Tesar, Patrik"]
[Black "Elias, Jakub"]
[Result "0-1"]
[WhiteElo "2057"]
[BlackElo "1953"]
[PlyCount "80"]
[EventDate "2022.10.09"]
[EventType "team-tourn"]
[EventRounds "11"]
[EventCountry "CZE"]
[SourceTitle "EXT 2024"]
[Source "ChessBase"]
[SourceDate "2023.10.10"]
[SourceVersion "1"]
[SourceVersionDate "2023.10.10"]
[SourceQuality "1"]
[WhiteTeam "Nymburk Sokol"]
[BlackTeam "Mlada Boleslav Skoda"]
[WhiteTeamCountry "CZE"]
[BlackTeamCountry "CZE"]

1. d4 c5 2. d5 d6 3. Nf3 g6 4. c4 Nf6 5. Nc3 Bg7 6. Bg5 0-0 7. Bxf6 Bxf6 8. e4 Bg4 9. h3 Bxf3 10. gxf3 a6 11. h4 b5 12. cxb5 axb5 13. Bxb5 Qa5 14. Qd3 Na6 15. Bxa6 Rxa6 16. h5 Rb8 17. hxg6 hxg6 18. 0-0 Rxb2 19. Rac1 Qb6 20. a4 Rb3 21. Rb1 Ra8 22. Rfc1 Bxc3 23. Rxb3 Qxb3 24. Rxc3 Qxa4 25. Kg2 Kg7 26. Rc1 Qa3 27. Qd2 Rh8 28. Rb1 Qa6 29. Qg5 Qc8 30. Qg3 Rh5 31. f4 e6 32. Qg4 Qa8 33. Rd1 exd5 34. f5 Qd8 35. f4 dxe4 36. fxg6 fxg6 37. Qe6 Qh4 38. Qxe4 Qg4+ 39. Kf2 Rh2+ 40. Kf1 Qxd1+ 0-1

[Event "Mid Bohemia Region-chT 2223"]
[Site "Czech Republic"]
[Date "2022.11.13"]
[Round "3.2"]
[White "Cermak, Michal1"]
[Black "Tesar, Patrik"]
[Result "1/2-1/2"]
[WhiteElo "2050"]
[BlackElo "2057"]
[PlyCount "43"]
[EventDate "2022.10.09"]
[EventType "team-tourn"]
[EventRounds "11"]
[EventCountry "CZE"]
[SourceTitle "EXT 2024"]
[Source "ChessBase"]
[SourceDate "2023.10.10"]
[SourceVersion "1"]
[SourceVersionDate "2023.10.10"]
[SourceQuality "1"]
[WhiteTeam "Lysa nad Labem Joly IV"]
[BlackTeam "Nymburk Sokol"]
[WhiteTeamCountry "CZE"]
[BlackTeamCountry "CZE"]

1. d4 d5 2. c4 dxc4 3. Nf3 Nf6 4. e3 Be6 5. Na3 c6 6. Nxc4 Bxc4 7. Bxc4 e6 8. 0-0 Nbd7 9. Re1 Bb4 10. Bd2 Bxd2 11. Qxd2 Ne4 12. Qb4 Qb6 13. Qa3 h6 14. Bd3 Ng5 15. Nd2 Qc7 16. f4 Nf6 17. fxg5 hxg5 18. Nf3 Ng4 19. h3 Rxh3 20. Ne5 Nxe5 21. dxe5 Qxe5 22. gxh3 1/2-1/2

[Event "CZE-chT2C 2122"]
[Site "Czech Republic"]
[Date "2022.04.03"]
[Round "11.1"]
[White "Tesar, Patrik"]
[Black "Krivanek, Vladimir"]
[Result "1/2-1/2"]
[WhiteElo "2111"]
[BlackElo "2189"]
[PlyCount "120"]
[EventDate "2021.10.17"]
[EventType "team-tourn"]
[EventRounds "11"]
[EventCountry "CZE"]
[SourceTitle "EXT 2025"]
[Source "ChessBase"]
[SourceDate "2024.10.14"]
[SourceVersion "1"]
[SourceVersionDate "2024.10.14"]
[SourceQuality "1"]
[WhiteTeam "Nymburk"]
[BlackTeam "Bakov nad Jizerou"]
[WhiteTeamCountry "CZE"]
[BlackTeamCountry "CZE"]

1. d4 c5 2. dxc5 e6 3. Be3 Na6 4. c3 Nxc5 5. Bxc5 Bxc5 6. e3 Nf6 7. Nf3 0-0 8. Nbd2 d5 9. Qc2 Qc7 10. Be2 e5 11. h3 Bd7 12. g4 Bc6 13. g5 Nd7 14. Nb3 Be7 15. h4 a5 16. a4 Rac8 17. Rg1 d4 18. exd4 e4 19. Nfd2 e3 20. fxe3 Qh2 21. Rg4 f5 22. Nf1 Qh3 23. Rf4 Bd6 24. Bc4+ Kh8 25. Qh2 Qxh2 26. Nxh2 Bxf4 27. exf4 Rfe8+ 28. Kd2 b6 29. d5 Bb7 30. Bb5 Bxd5 31. Bxd7 Rcd8 32. Bxe8 Bxb3+ 33. Ke3 Rxe8+ 34. Kf2 Re4 35. Re1 Rxf4+ 36. Kg3 Re4 37. Rxe4 fxe4 38. Kf4 Bc2 39. b4 axb4 40. cxb4 Bxa4 41. Kxe4 Kg8 42. Ke5 Kf7 43. Nf1 Kg6 44. Ng3 Bc2 45. Kd6 b5 46. Ke5 h6 47. gxh6 Kxh6 48. Ne2 Bd3 49. Nf4 Bc4 50. Kf5 Bf1 51. Ke6 Bc4+ 52. Ke7 Bf1 53. Kf7 Bc4+ 54. Kf8 g5 55. hxg5+ Kxg5 56. Ng2 Kf6 57. Ne1 Ke6 58. Nc2 Kd6 59. Na3 Bd3 60. Nxb5+ Bxb5 1/2-1/2

[Event "CZE-ch Betsys Online Blitz"]
[Site "Chess.com INT"]
[Date "2021.04.17"]
[Round "5"]
[White "Tesar, Patrik"]
[Black "Vagner, Patrik"]
[Result "1/2-1/2"]
[WhiteElo "2139"]
[BlackElo "1698"]
[PlyCount "123"]
[EventDate "2021.04.17"]
[EventType "swiss (blitz)"]
[EventRounds "13"]
[EventCountry "CZE"]
[SourceTitle "CBM 201 Extra"]
[Source "ChessBase"]
[SourceDate "2021.05.31"]
[SourceVersion "1"]
[SourceVersionDate "2021.05.31"]
[SourceQuality "1"]

1. d4 d5 2. Nf3 Nf6 3. Bg5 e6 4. e3 Be7 5. c3 c5 6. Nbd2 Nc6 7. Bd3 Bd7 8. 0-0 c4 9. Be2 h6 10. Bf4 0-0 11. b4 b5 12. a4 a6 13. axb5 axb5 14. Ne5 Nxe5 15. Bxe5 Qb6 16. Bxf6 Bxf6 17. Qc2 Qb7 18. Qb2 Rxa1 19. Rxa1 Ra8 20. Bf3 Ra6 21. e4 Bc6 22. exd5 exd5 23. g3 Qa8 24. Rxa6 Qxa6 25. Bg4 Qa4 26. Nf1 Kf8 27. Ne3 Qa8 28. Bf3 Bg5 29. Qd2 Bxe3 30. Qxe3 Qe8 31. Kg2 Qxe3 32. fxe3 Ke7 33. h4 Kd6 34. Bg4 Bd7 35. Bxd7 Kxd7 36. Kf3 Ke6 37. e4 f5 38. e5 g5 39. hxg5 hxg5 40. Ke2 Ke7 41. Kf2 Ke6 42. Kg2 Ke7 43. Kh3 Ke6 44. g4 f4 45. Kg2 Ke7 46. Kf3 Ke6 47. Ke2 Ke7 48. Kf3 Ke6 49. Ke2 Ke7 50. Kf2 Ke6 51. Kf3 Ke7 52. Kg2 Ke6 53. Kh1 Ke7 54. Kg1 Ke6 55. Kf1 Ke7 56. Ke1 Ke6 57. Kd1 Ke7 58. Kd2 Ke6 59. Ke1 Ke7 60. Kf2 Ke6 61. Kg2 Ke7 62. Kf3 1/2-1/2

[Event "Pardubice Czech op-C 30th"]
[Site "Pardubice"]
[Date "2019.07.22"]
[Round "4"]
[White "Tesar, Patrik"]
[Black "Hlavsa, Filip"]
[Result "1-0"]
[WhiteElo "2022"]
[BlackElo "1843"]
[PlyCount "51"]
[EventDate "2019.07.20"]
[EventType "swiss"]
[EventRounds "9"]
[EventCountry "CZE"]
[SourceTitle "EXT 2020"]
[Source "ChessBase"]
[SourceDate "2019.10.17"]
[SourceVersion "1"]
[SourceVersionDate "2019.10.17"]
[SourceQuality "1"]

1. d4 Nf6 2. Nf3 g6 3. Bg5 Bg7 4. c4 h6 5. Bh4 0-0 6. Nc3 d6 7. e3 Nbd7 8. Be2 e5 9. dxe5 dxe5 10. 0-0 g5 11. Bg3 Nh5 12. Qc2 f5 13. h3 Nxg3 14. fxg3 e4 15. Nd4 Ne5 16. Rad1 Qe8 17. Ndb5 Qc6 18. Nd5 Rf7 19. Bh5 Rd7 20. Be8 Qxc4 21. Qxc4 Nxc4 22. Bxd7 Bxd7 23. Ne7+ Kh8 24. Rxd7 Nxe3 25. Rf2 Rf8 26. Ng6+ 1-0

[Event "Pardubice Czech op-C 30th"]
[Site "Pardubice"]
[Date "2019.07.21"]
[Round "2"]
[White "Tesar, Patrik"]
[Black "Weiss, Petr"]
[Result "1-0"]
[WhiteElo "2022"]
[BlackElo "1725"]
[PlyCount "47"]
[EventDate "2019.07.20"]
[EventType "swiss"]
[EventRounds "9"]
[EventCountry "CZE"]
[SourceTitle "EXT 2020"]
[Source "ChessBase"]
[SourceDate "2019.10.17"]
[SourceVersion "1"]
[SourceVersionDate "2019.10.17"]
[SourceQuality "1"]

1. d4 Nf6 2. Nf3 g6 3. Bg5 Bg7 4. e3 d6 5. c4 Nc6 6. Nc3 Bf5 7. Be2 0-0 8. 0-0 h6 9. Bh4 g5 10. Bg3 Nh5 11. Nxg5 Nxg3 12. fxg3 hxg5 13. Rxf5 e6 14. Rf2 f5 15. d5 Bxc3 16. bxc3 Ne7 17. dxe6 Qc8 18. e4 Qxe6 19. exf5 Qe3 20. g4 Qxc3 21. Rf3 Qf6 22. Rb1 b6 23. Re3 Nc6 24. Qd5+ 1-0

[Event "CZE-chT2D 1819"]
[Site "Czech Republic"]
[Date "2019.02.10"]
[Round "8.6"]
[White "Kokes, Bohuslav"]
[Black "Tesar, Patrik"]
[Result "1-0"]
[WhiteElo "1995"]
[BlackElo "2041"]
[PlyCount "53"]
[EventDate "2018.10.14"]
[EventType "team-tourn"]
[EventRounds "11"]
[EventCountry "CZE"]
[SourceTitle "EXT 2022"]
[Source "ChessBase"]
[SourceDate "2021.10.06"]
[SourceVersion "1"]
[SourceVersionDate "2021.10.06"]
[SourceQuality "1"]
[WhiteTeam "Chrudim"]
[BlackTeam "Kolin"]
[WhiteTeamCountry "CZE"]
[BlackTeamCountry "CZE"]

1. e4 b6 2. d4 Bb7 3. Nc3 Nf6 4. f3 e6 5. Be3 Bb4 6. Nge2 a5 7. Qd2 Na6 8. 0-0-0 d5 9. e5 Nd7 10. a3 Be7 11. h4 c5 12. Nb5 Bc6 13. Nec3 cxd4 14. Bxd4 Nac5 15. Kb1 Nb7 16. Qf4 Ndc5 17. Qg4 Rg8 18. Be2 Qd7 19. h5 h6 20. Be3 0-0-0 21. b4 axb4 22. axb4 Na6 23. Na4 Kb8 24. Nxb6 Qe8 25. Nd4 Nxb4 26. c3 Kc7 27. cxb4 1-0

[Event "CZE-chT2D 1819"]
[Site "Czech Republic"]
[Date "2018.10.14"]
[Round "1.7"]
[White "Tesar, Patrik"]
[Black "Komarkova, Magdalena"]
[Result "1/2-1/2"]
[WhiteElo "2041"]
[BlackElo "2019"]
[PlyCount "156"]
[EventDate "2018.10.14"]
[EventType "team-tourn"]
[EventRounds "11"]
[EventCountry "CZE"]
[SourceTitle "EXT 2022"]
[Source "ChessBase"]
[SourceDate "2021.10.06"]
[SourceVersion "1"]
[SourceVersionDate "2021.10.06"]
[SourceQuality "1"]
[WhiteTeam "Kolin"]
[BlackTeam "Policka Stefanydes"]
[WhiteTeamCountry "CZE"]
[BlackTeamCountry "CZE"]

1. d4 d5 2. Nf3 e6 3. Bf4 c5 4. c3 Nf6 5. e3 Nc6 6. Be2 Be7 7. Nbd2 0-0 8. 0-0 Nh5 9. Bg3 Nxg3 10. hxg3 cxd4 11. cxd4 b6 12. a3 Bb7 13. b4 Rc8 14. Qb3 Bd6 15. Rac1 Qe7 16. Rc2 Nb8 17. Rfc1 Rxc2 18. Qxc2 g6 19. Qa4 a6 20. Rc3 Rc8 21. Qc2 Rxc3 22. Qxc3 Qc7 23. Qb2 Bc6 24. Bd3 f6 25. Qb3 Kf7 26. Kh2 Qd7 27. Qb1 Bb5 28. Bc2 Ba4 29. e4 Bxc2 30. Qxc2 dxe4 31. Qxe4 Qc6 32. Qd3 Qd5 33. Nc4 b5 34. Ne3 Qa2 35. Nd2 Ke7 36. Ne4 Nd7 37. Nxd6 Kxd6 38. f3 Nb6 39. Ng4 Nd5 40. Ne3 Nxe3 41. Qxe3 g5 42. Qd3 h5 43. Qg6 Qxa3 44. Qxf6 Kd7 45. Qf7+ Kd6 46. Qf8+ Kd7 47. Qc5 Qa1 48. d5 Qe5 49. Qc6+ Ke7 50. Qxa6 Qxd5 51. Qa7+ Kf6 52. Qh7 g4 53. f4 Qf5 54. Qd7 Kg6 55. Qe8+ Kg7 56. Qe7+ Kg6 57. Kg1 Qb1+ 58. Kf2 Qf5 59. Qd6 Kf7 60. Qd4 Kg6 61. Qb2 Qd3 62. Qe5 Qf5 63. Qc3 Qe4 64. Qd2 Qb1 65. Qe2 Qf5 66. Kg1 Kf7 67. Kf2 Qd5 68. Qb2 Qe4 69. Qd2 Kf6 70. Qc3+ Kf7 71. Qc7+ Kg6 72. Qc5 Qf5 73. Ke3 Qxc5+ 74. bxc5 Kf7 75. Ke4 Ke7 76. Kd4 Kd7 77. Kc3 Kc7 78. Kb3 Kd7 1/2-1/2